| 000 | 00791nam a22002297a 4500 | ||
|---|---|---|---|
| 003 | OSt | ||
| 005 | 20260530113913.0 | ||
| 008 | 260506b1973 |||a|||| |||| 00| 0 eng d | ||
| 020 | _a0262530260 | ||
| 040 |
_aICI _bspa _cICI _erda |
||
| 050 |
_aNK1505 _bP37 |
||
| 100 |
_aChemayeff , Ivan _eautor _933707 |
||
| 245 |
_aThe Design Necessity: _bA Casebook of Federally Initiated Projects in Visual Communications, Interiors and Industrial Design, Architecture, Landscaped Environment _cIvan Chemayeff [entre otro] |
||
| 250 | _aPrimera edición | ||
| 264 |
_aLondre _bMIT Press _c1973 |
||
| 300 | _a80 páginas | ||
| 336 |
_2rdacontent _atexto |
||
| 337 |
_2rdamedia _asin medio |
||
| 338 |
_2rdacarrier _avolumen |
||
| 650 |
_aDiseño industrial _xEstudios de caso _933708 |
||
| 942 |
_2ddc _n1 _cBK |
||
| 999 |
_c12198 _d12198 |
||